| 000 | 00479nam a22001697a 4500 | ||
|---|---|---|---|
| 003 | BD-ChCU | ||
| 005 | 20260201095831.0 | ||
| 008 | 260201b bg ||||| |||| 00| 0 ben d | ||
| 040 | _cBD-ChCU | ||
| 082 | _a171 SWE | ||
| 100 |
_aSwabey , William Curtis . _919939 |
||
| 245 |
_aEthical , theory from Hobbes to kant./ _cWilliam Curtis Swabey . |
||
| 260 |
_aLondon : _bVision press , _cC 1962 |
||
| 300 | _a284p | ||
| 650 | 0 |
_aEthics , Theory of . _919940 |
|
| 942 |
_2ddc _cBK _n0 |
||
| 999 |
_c111400 _d111400 |
||